Sports Quiz

Random Sports or College Quiz
Score 0/20 Timer 07:00
2 Plays Today
Hint Answer % Correct
StateKentucky
98.4%
Team ColorBlue
95.8%
MascotBlue
95.5%
Team ColorWhite
95.1%
ConferenceSEC
93.5%
NicknameWildcats
91.7%
MascotThe Wildcat
89.2%
CityLexington
87%
Basketball ArenaRupp Arena/Memorial Coliseum
84.5%
Sport w/ most NCAA ChampionshipsMen's Basketball (8)
84.1%
Hint Answer % Correct
No. of Men's Varsity Sports10
80%
Primary RivalLouisville
78.6%
No. of Women's Varsity Sports11
78%
Famous Alum: PF/C Anthony _____Davis
45.9%
Football StadiumKroger Field
30.4%
Athletic DirectorMitch Barnhart
18.2%
MascotScratch
16.4%
Fight SongOn, On, U of K
15.6%
Baseball StadiumKentucky Proud Park
10.5%
Fight SongKentucky Fight
6.6%
Remove Ads.
Support Sporcle.
Get the best of Sporcle when you Go Orange. This ad-free experience offers more features, more stats, and more fun while also helping to support Sporcle. Thank you for becoming a member.

You're not logged in!

Compare scores with friends on all Sporcle quizzes.
OR
Log In

Show Comments

Extras

Top Quizzes Today


Score Distribution

Your Account Isn't Verified!

In order to create a playlist on Sporcle, you need to verify the email address you used during registration. Go to your Sporcle Settings to finish the process.

Report this User

Report this user for behavior that violates our Community Guidelines.

Details: